| 000 | 01784nam0a2200397 4500 | ||
|---|---|---|---|
| 001 | RU\NLR\bibl\1398347 | ||
| 005 | 20260405222022.0 | ||
| 010 |
_a978-5-17-058719-3 _93000 |
||
| 021 |
_aRU _b2009-44040 _92675 |
||
| 035 | _a(nilc)LIBNET\0000085168 | ||
| 035 | _a(NLR Aleph) 001390363 | ||
| 090 |
_a1158215 _c1158215 |
||
| 100 | _a20101119d2009 |||y0rusy50 ca | ||
| 101 | 0 |
_arus _aeng |
|
| 102 | _aRU | ||
| 105 | _aa ||||||||| | ||
| 200 | 1 |
_aЛегенды Древней Греции _dOld Greek stories _e[для учащихся 7-8 классов школ с углубленным изучением английского языка] _fJames Baldwin _zeng |
|
| 210 |
_aМосква _cАСТ [и др.] _d2009 |
||
| 215 |
_a223, [1] с. _d20 |
||
| 225 | 1 |
_aАдаптированное чтение на английском языке _iЛучшие сказки и легенды |
|
| 300 | _aНа обл. авт. не указан | ||
| 510 | 1 |
_6z33790 _aOld Greek stories _zeng |
|
| 606 | 1 |
_aАнглийский язык _jКниги для чтения _9972309 _3RU\NLR\auth\6646032 |
|
| 686 |
_a81.432.1-922-3 _vLBC/RL _2rubbk |
||
| 686 | _aШ143.21-93рус221[7/8]хрест | ||
| 686 | _aШ143.21-93рус21[9/11]хрест | ||
| 686 | _aШ143.21-93рус91 | ||
| 700 | 1 |
_4070 _8rus _7ca _aБолдуин _bД. _gДжеймс _f1924-1987 _3RU\NLR\auth\7749419 _932354 |
|
| 790 | 1 |
_4070 _8eng _7ba _aBaldwin _bJ. _gJames _f1924-1987 _3RU\NLR\auth\77100284 _983210 |
|
| 801 | 0 |
_aRU _bВладимирская ОУНБ _c20101119 _grcr |
|
| 801 | 1 |
_aRU _bВладимирская ОУНБ _c20101119 _grcr _2rusmarc |
|
| 801 | 2 |
_aRU _bNLR _c20090805 _grcr |
|
| 942 | _cBOOK | ||
| 980 | _aNB | ||